| 000 | 00439cam a2200157 a 4500 | ||
|---|---|---|---|
| 020 | _a1880656108 (pbk.) : | ||
| 020 | _a188065606X (bound) : | ||
| 040 | _cDLC | ||
| 082 | 0 | 0 | _a303 STO 1994 A010 Or. |
| 100 | 1 | _aSchodt, Frederik L., | |
| 245 | 1 | 0 |
_aAmerica and the four Japans : _bfriend, foe, model, mirror / |
| 250 | _a1st ed. | ||
| 260 |
_aBerkekey, Calif. : _bStone Bridge Press, _c1994. |
||
| 300 |
_a200 p. ; _c19 cm. |
||
| 942 | _cEK | ||
| 999 |
_c13808 _d13808 |
||